| 000 | 00759cab a2200241 4500 | ||
|---|---|---|---|
| 001 | ABS58786 | ||
| 008 | 090401t1998 xxu||||| |||| 00| 0 eng d | ||
| 035 | _a(Sirsi) u86476 | ||
| 041 | _aeng | ||
| 100 | _aAldridge, T. | ||
| 245 | _aEnd of the tunnel? | ||
| 260 | _c1998 | ||
| 350 | _a0 | ||
| 490 |
_aSolicitors` Journal _v142(19) 15 May 1998, 441(1) |
||
| 520 | _aExamines how the Law Society`s proposals for changing conveyancing practice would work, and assesses their likely effects. | ||
| 650 | _aCONVEYANCING | ||
| 650 | _aPROPERTY-RESIDENTIAL PROPERTY-ACQUISITION AND DISPOSAL OF RESIDENTIAL PROPERTY | ||
| 650 | _aLAW SOCIETY | ||
| 650 | _aMORTGAGE LENDING | ||
| 690 | _aPROPERTY LAW AND PRACTICE | ||
| 942 | _n0 | ||
| 948 | _c29/05/1998 | ||
| 999 |
_c54434 _d54434 |
||